000 01448nam a2200325 i 4500
003 DO-SdBNP
005 20250812143608.0
007 ta
008 210921b2009 200dr a r 00| 0 engspa d
040 _aDO-SdBNP
_bspa
_cBNPHU
_erda
041 _aspa
082 4 _aA863.44
_bD449u
_222
245 0 0 _aDesde un girasol :
_bantología de cuentos del Caribe /
_cediciones, Thelma Jiménez ; ilustraciones, Iranidis Fundora, José Antonio Acosta
264 4 _aSanto Domingo :
_bFerilibro ;
_bUnión,
_c©2009.
300 _a69 páginas :
_bilustraciones ;
_c23 cm.
336 _atexto
_btxt
_2rdacontent
337 _asin mediación
_bn
_2rdamedia
338 _avolumen
_bnc
_2rdacarrier
490 _aDienteleche
500 _aIncluye datos biográficos de los autores
505 _aPiscilandia /
_rDinorah Coronado --
_tUn pollito de granja /
_rRafael Peralta Romero --
_tEl dragón que quería ser bombero /
_rLuis Caissés Sánchez --
_tLa abuela extraterrestre /
_rOlga Rodríguez Colón --
_tEl rey coquí /
_rÁngel Herdz --
_tLa metamorfosis de Isabel /
_rJosé H. Cáez-Romero.
590 _aInventariado, 2021/BT
650 4 _aCuentos dominicanos
_979984
650 4 _aLiteratura dominicana
_979985
700 1 _aJiménez, Thelma,
_eeditor
_4ed.
_922967
700 1 _aFundora, Iranidis,
_eilustrador
_4il.
_979982
700 1 _aAcosta, José Antonio,
_eilustrador
_4il.
_936192
910 _aBtavárez/Validado. Control de calidad MFF
942 _2ddc
_cLBS1
999 _c50607
_d50607